| 000 | 00521nam a2200169 u 4500 | ||
|---|---|---|---|
| 001 | 000021651 | ||
| 005 | 20200930011410.0 | ||
| 008 | 100909s2005 dr a 001 0 spa d | ||
| 020 | _a8488562241 | ||
| 040 |
_aDO-SdBNP _bspa _cBNPHU |
||
| 082 |
_ann* _bnn* |
||
| 245 | 0 | 0 |
_aPolíticas públicas y distribución de la renta / _cJesús Ruiz-Huerta Carbonell. |
| 260 |
_aBilbao : _bFundación BBVA, _c2005. |
||
| 300 |
_a821, [8] p. : _bil. ; _c23 cm. |
||
| 700 | 1 |
_aRuiz Huerta Carbonell, Jesús, _eed. _945047 |
|
| 049 | _aBNGR | ||
| 999 |
_c21150 _d21150 |
||